[Event "SVK ECo-C Extraliga 2018-19"]
[Site "Slovakia"]
[Date "2018.12.09"]
[Round "4"]
[White "Krak, Tomas"]
[Black "Likavsky, Tomas"]
[Result "1/2-1/2"]
[WhiteElo "2298"]
[BlackElo "2430"]
[Annotator "TA"]
[PlyCount "122"]
[EventDate "2018.11.10"]
[EventType "team-tourn"]
[EventCountry "SVK"]
[SourceTitle "playchess.com"]
[Source "ChessBase"]
[SourceQuality "1"]
[WhiteTeam "Snina"]
[BlackTeam "Podhajska"]

{[%evp 21,122,43,56,47,62,46,43,45,57,46,57,45,45,49,45,46,60,72,68,64,58,64,58,-83,8,0,0,8,0,0,0,0,0,0,0,-6,18,25,41,0,0,0,0,0,171,159,166,158,152,148,160,166,128,124,197,190,230,178,226,21,21,21,21,21,21,21,21,0,25,0,25,21,22,25,51,51,51,51,47,25,28,0,0,0,0,0,0,0,0,0,0,0,0,0,0,0,0,0,0,0,0,0,0]} 1. e4 c5 2. Nf3 d6 3. Bb5+ Nd7 4. c3 Ngf6 5. Qe2 a6 6. Ba4 b5 7. Bc2 Bb7 {B51: Sicilian: Moscow Variation (3 Bb5+) without 3...Bd7} 8. O-O e5 9. d4 Be7 10. Rd1 Qc7 11. d5 c4 {LiveBook: 6 Games} 12. b3 cxb3 13. axb3 O-O 14. Bd2 Nb6 15. Na3 Nfd7 $146 16. c4 bxc4 17. Nxc4 Nxc4 18. bxc4 Rfb8 19. Ba5 Qc8 20. Nd2 Bd8 21. Bb4 Nc5 22. Ra3 (22. Qe3 $14 {keeps the upper hand.}) 22... a5 (22... Bxd5 $1 $17 23. cxd5 Rxb4) 23. Bc3 $1 $11 Bb6 24. Rda1 {[%cal Rc3a5]} Qc7 25. Nf1 Bc8 26. Bd2 Bd7 27. Ne3 a4 28. Nf5 $1 {[%cal Rf5g7]} Bxf5 29. exf5 Ba5 30. f6 g6 $1 31. Rh3 Bxd2 32. Qxd2 $40 {[%mdl 128] White attacks.} Nd7 $2 {[#]} (32... Qd8 $1 $11 {and Black stays safe.} 33. Qg5 e4) 33. Bxg6 $1 $18 {[%mdl 512]} fxg6 {[#]} 34. f7+ $1 {[%mdl 512]} Kh8 {Threatens to win with ...Nc5.} (34... Kxf7 35. Rxh7+) 35. Qg5 Qd8 36. Qxg6 $1 {[%csl Gg6][%cal Rh3h7][%mdl 64] Double Attack} Nf6 37. Rh6 a3 {[#]} (37... Rb4 $16 {was worth a try.}) 38. g4 $1 {[%cal Rg4g5] Strongly threatening g5.} ({Worse is} 38. Qxf6+ Qxf6 39. Rxf6 Kg7 $11) 38... Qf8 39. Qxf6+ Qg7 40. f8=Q+ $2 (40. Qxd6 Qxg4+ 41. Kf1 Qxc4+ 42. Kg2 Qe4+ 43. Kf1 Qd3+ 44. Ke1 Qe4+ 45. Kf1 Qd3+ 46. Ke1 Qc3+ 47. Kf1 Qxa1+ $19) (40. Qe6 $18) 40... Rxf8 $11 41. Qxg7+ Kxg7 42. Rxd6 {[%mdl 4096] Endgame And now c5 would win. KRR-KRR} Rf4 $1 43. c5 {aiming for c6.} Rxg4+ 44. Kf1 {Hoping for c6.} a2 45. Rb6 Rd4 46. d6 Kf6 47. Rb2 Rc4 48. Raxa2 Rxa2 49. Rxa2 Rxc5 $14 {KR-KR} 50. Rd2 {White threatens d7 and mate.} Rc8 51. Ke2 Rd8 {The position is equal.} 52. Kf3 Ke6 53. Ke4 {Black must now prevent d7!} Rxd6 54. Rxd6+ Kxd6 $11 {KPP-KPP} 55. Kf5 Kd5 56. h4 e4 57. h5 Kd4 $1 58. h6 Kd5 59. Kf6 Kd6 $1 60. Kf7 Kd7 61. Kf6 Kd6 {Accuracy: White = 69%, Black = 71%.} 1/2-1/2

[Event "SVK ECo-C Extraliga 2018-19"]
[Site "Slovakia"]
[Date "2018.12.09"]
[Round "4"]
[White "Lisko, Frantisek"]
[Black "Roman, CM Hros"]
[Result "1/2-1/2"]
[WhiteElo "2275"]
[BlackElo "2205"]
[Annotator "NA"]
[PlyCount "59"]
[EventDate "2018.11.10"]
[EventType "team-tourn"]
[EventCountry "SVK"]
[SourceTitle "playchess.com"]
[Source "ChessBase"]
[SourceQuality "1"]
[WhiteTeam "Dunajov"]
[TimeControl "40/5400+30:1800+30"]

1. d4 {[%emt 0:00:00]} Nf6 {[%emt 0:00:00]} 2. c4 {[%emt 0:00:00]} e6 {[%emt 0:00:00]} 3. Nc3 {[%emt 0:00:00]} d5 {[%emt 0:00:29]} 4. cxd5 {[%emt 0:00:02]} exd5 {[%emt 0:00:02]} 5. Bg5 {[%emt 0:00:14]} Be7 {[%emt 0:00:08]} 6. e3 {[%emt 0:00:13]} O-O {[%emt 0:00:24]} 7. Bd3 {[%emt 0:00:18]} c6 {[%emt 0:00:46]} 8. Nge2 {[%emt 0:00:57]} Nbd7 {[%emt 0:09:48]} 9. O-O {[%emt 0:01:44]} Nh5 {[%emt 0:06:56]} 10. Bxe7 {[%emt 0:06:11]} Qxe7 {[%emt 0:00:06]} 11. Qc2 {[%emt 0:03:39]} g6 {[%emt 0:00:47]} 12. Rae1 {[%emt 0:01:07]} Re8 {[%emt 0:13:54]} 13. Ng3 {[%emt 0:01:43]} Nxg3 {[%emt 0:00:31]} 14. hxg3 {[%emt 0:00:07]} f5 {[%emt 0:03:32]} 15. g4 {[%emt 0:09:52]} fxg4 {[%emt 0:06:46]} 16. e4 {[%emt 0:00:55]} Nf6 {[%emt 0:09:47]} 17. exd5 {[%emt 0:35:53]} Qxe1 18. Rxe1 {[%emt 0:00:12]} Rxe1+ {[%emt 0:00:22]} 19. Kh2 {[%emt 0:00:14]} cxd5 {[%emt 0:00:50]} 20. Bxg6 {[%emt 0:02:27]} Kg7 {[%emt 0:16:46]} 21. Qd2 {[%emt 0:03:46]} Re7 {[%emt 0:09:22]} 22. Bc2 {[%emt 0:01:45]} Be6 {[%emt 0:00:59]} 23. Ne2 {[%emt 0:05:16]} Rc8 {[%emt 0:04:29]} 24. Ng3 {[%emt 0:01:17]} Rc6 {[%emt 0:05:31]} 25. Bd3 {[%emt 0:02:59]} Rf7 {[%emt 0:02:51]} 26. Qg5+ {[%emt 0:03:07]} Kf8 {[%emt 0:01:16]} 27. Qh6+ {[%emt 0:05:49]} Ke7 {[%emt 0:00:55]} 28. Qg5 {[%emt 0:01:05]} Kf8 {[%emt 0:01:27]} 29. Qh6+ {[%emt 0:00:20]} Ke7 {[%emt 0:00:02]} 30. Qg5 {[%emt 0:00:18]} 1/2-1/2

[Event "SVK ECo-C Extraliga 2018-19"]
[Site "Slovakia"]
[Date "2018.12.09"]
[Round "4"]
[White "Lisko, Frantisek"]
[Black "Roman, Hros"]
[Result "1/2-1/2"]
[WhiteElo "2275"]
[BlackElo "2205"]
[Annotator "NA"]
[PlyCount "60"]
[EventDate "2018.11.10"]
[EventType "team-tourn"]
[EventCountry "SVK"]
[SourceTitle "playchess.com"]
[Source "ChessBase"]
[SourceQuality "1"]
[WhiteTeam "Dunajov"]
[BlackTeam "Liptovska"]
[TimeControl "40/5400+30:1800+30"]

1. d4 {[%emt 0:00:00]} Nf6 {[%emt 0:00:00]} 2. c4 {[%emt 0:00:00]} e6 {[%emt 0:00:00]} 3. Nc3 {[%emt 0:00:00]} d5 {[%emt 0:00:29]} 4. cxd5 {[%emt 0:00:02]} exd5 {[%emt 0:00:02]} 5. Bg5 {[%emt 0:00:14]} Be7 {[%emt 0:00:08]} 6. e3 {[%emt 0:00:13]} O-O {[%emt 0:00:24]} 7. Bd3 {[%emt 0:00:18]} c6 {[%emt 0:00:46]} 8. Nge2 {[%emt 0:00:57]} Nbd7 {[%emt 0:09:48]} 9. O-O {[%emt 0:01:44]} Nh5 {[%emt 0:06:56]} 10. Bxe7 {[%emt 0:06:11]} Qxe7 {[%emt 0:00:06]} 11. Qc2 {[%emt 0:03:39]} g6 {[%emt 0:00:47]} 12. Rae1 {[%emt 0:01:07]} Re8 {[%emt 0:13:54]} 13. Ng3 {[%emt 0:01:43]} Nxg3 {[%emt 0:00:31]} 14. hxg3 {[%emt 0:00:07]} f5 {[%emt 0:03:32]} 15. g4 {[%emt 0:09:52]} fxg4 {[%emt 0:06:46]} 16. e4 {[%emt 0:00:55]} Nf6 {[%emt 0:09:47]} 17. exd5 {[%emt 0:35:53]} Qxe1 18. Rxe1 {[%emt 0:00:12]} Rxe1+ {[%emt 0:00:22]} 19. Kh2 {[%emt 0:00:14]} cxd5 {[%emt 0:00:50]} 20. Bxg6 {[%emt 0:02:27]} Kg7 {[%emt 0:16:46]} 21. Qd2 {[%emt 0:03:46]} Re7 {[%emt 0:09:22]} 22. Bc2 {[%emt 0:01:45]} Be6 {[%emt 0:00:59]} 23. Ne2 {[%emt 0:05:16]} Rc8 {[%emt 0:04:29]} 24. Ng3 {[%emt 0:01:17]} Rc6 {[%emt 0:05:31]} 25. Bd3 {[%emt 0:02:59]} Rf7 {[%emt 0:02:51]} 26. Qg5+ {[%emt 0:03:07]} Kf8 {[%emt 0:01:16]} 27. Qh6+ {[%emt 0:05:49]} Ke7 {[%emt 0:00:55]} 28. Qg5 {[%emt 0:01:05]} Kf8 {[%emt 0:01:27]} 29. Qh6+ {[%emt 0:00:20]} Ke7 {[%emt 0:00:02]} 30. Qg5 {[%emt 0:00:18]} Rf8 1/2-1/2

[Event "SVK ECo-C Extraliga 2018-19"]
[Site "Slovakia"]
[Date "2018.12.09"]
[Round "4"]
[White "Janko, Zoltan"]
[Black "Manik, Mikulas"]
[Result "0-1"]
[WhiteElo "2261"]
[BlackElo "2404"]
[Annotator "NA"]
[PlyCount "60"]
[EventDate "2018.11.10"]
[EventType "team-tourn"]
[EventCountry "SVK"]
[SourceTitle "playchess.com"]
[Source "ChessBase"]
[SourceQuality "1"]
[WhiteTeam "Komarno"]
[BlackTeam "Prakovce"]
[TimeControl "40/5400+30:1800+30"]

1. e4 {[%emt 0:00:00]} c5 {[%emt 0:00:00]} 2. Nf3 {[%emt 0:00:00]} d6 {[%emt 0:00:00]} 3. d4 {[%emt 0:00:08]} cxd4 {[%emt 0:00:00]} 4. Nxd4 {[%emt 0:00:07]} Nf6 {[%emt 0:00:07]} 5. Nc3 {[%emt 0:00:06]} Nc6 {[%emt 0:01:09]} 6. Bc4 {[%emt 0:01:20]} e6 {[%emt 0:00:26]} 7. Be3 {[%emt 0:00:41]} a6 {[%emt 0:00:29]} 8. Bb3 {[%emt 0:01:54]} Qc7 {[%emt 0:03:59] LiveBook: 368 Games} 9. Qe2 {[%emt 0:02:42]} Na5 {[%emt 0:01:07]} 10. g4 {[%emt 0:02:45]} h6 {[%emt 0:14:22]} 11. O-O-O {[%emt 0:06:36]} b5 {[%emt 0:00:40]} 12. g5 {[%emt 0:06:07]} (12. f3 $11) 12... hxg5 {[%emt 0:03:59]} 13. Bxg5 {[%emt 0:00:29]} Nxb3+ {[%emt 0:07:15]} 14. axb3 {[%emt 0:00:07]} Bb7 {[%emt 0:00:17]} 15. f4 {[%emt 0:17:13]} b4 {[%emt 0:17:31]} 16. e5 {[%emt 0:01:42]} dxe5 {[%emt 0:02:53]} 17. fxe5 {[%emt 0:02:14]} Nd7 {[%emt 0:02:41]} 18. Nxe6 {[%emt 0:23:35]} fxe6 {[%emt 0:00:22]} 19. Qg4 {[%emt 0:00:11]} Nc5 {[%emt 0:08:59]} 20. Na4 {[%emt 0:04:05]} Qc6 {[%emt 0:03:43]} 21. Nxc5 {[%emt 0:08:35]} Bxc5 {[%emt 0:02:55]} 22. Bf6 {[%emt 0:00:33]} Rf8 {[%emt 0:02:52]} 23. Qxg7 {[%emt 0:03:48]} Rf7 {[%emt 0:05:53]} 24. Qg8+ {[%emt 0:01:06]} Bf8 {[%emt 0:01:14]} 25. Rhg1 {[%emt 0:02:43]} Rc8 {[%emt 0:02:11]} 26. Rd2 {[%emt 0:01:32]} Qe4 {[%emt 0:01:22]} 27. Kb1 {[%emt 0:05:47]} Bd5 {[%emt 0:04:06]} 28. Rd3 {[%emt 0:02:41]} Rxc2 {[%emt 0:03:46]} 29. Kxc2 {[%emt 0:02:13]} Qe2+ {[%emt 0:00:18]} 30. Rd2 {[%emt 0:00:54]} Be4+ {[%emt 0:00:05] Rh1} 0-1

[Event "SVK ECo-C Extraliga 2018-19"]
[Site "Slovakia"]
[Date "2018.12.09"]
[Round "4"]
[White "Petran, Peter"]
[Black "Machata, Martin"]
[Result "1/2-1/2"]
[WhiteElo "2256"]
[BlackElo "2195"]
[Annotator "NA"]
[PlyCount "40"]
[EventDate "2018.11.10"]
[EventType "team-tourn"]
[EventCountry "SVK"]
[SourceTitle "playchess.com"]
[Source "ChessBase"]
[SourceQuality "1"]
[WhiteTeam "Slovan"]
[BlackTeam "Modra"]
[TimeControl "40/5400+30:1800+30"]

1. g3 {[%emt 0:00:00]} g6 {[%emt 0:06:15]} 2. Bg2 {[%emt 0:00:00]} Bg7 {[%emt 0:00:01]} 3. d4 {[%emt 0:01:21]} d6 {[%emt 0:09:51]} 4. e4 {[%emt 0:00:25]} Nd7 {[%emt 0:00:18]} 5. Ne2 {[%emt 0:00:14]} e5 {[%emt 0:00:32]} 6. Nbc3 {[%emt 0:00:46]} Ngf6 {[%emt 0:03:41]} 7. h3 {[%emt 0:00:12]} O-O {[%emt 0:00:35]} 8. Be3 {[%emt 0:00:06]} c6 {[%emt 0:05:41]} 9. a4 {[%emt 0:00:11]} Qc7 {[%emt 0:03:43]} 10. O-O {[%emt 0:00:09]} Re8 {[%emt 0:05:06]} 11. b3 {[%emt 0:04:21]} exd4 {[%emt 0:11:10]} 12. Bxd4 {[%emt 0:00:31]} Nc5 {[%emt 0:09:52]} 13. e5 {[%emt 0:03:30]} Rxe5 {[%emt 0:02:55]} 14. Bxe5 {[%emt 0:00:55]} dxe5 {[%emt 0:00:01]} 15. b4 {[%emt 0:01:02]} Ne6 {[%emt 0:09:58]} 16. b5 {[%emt 0:01:46]} Bd7 {[%emt 0:04:37]} 17. bxc6 {[%emt 0:00:52]} Bxc6 {[%emt 0:01:00]} 18. Qc1 {[%emt 0:21:41]} Bxg2 {[%emt 0:01:16]} 19. Kxg2 {[%emt 0:00:10]} Qc6+ {[%emt 0:00:29]} 20. f3 {[%emt 0:01:02]} Nd4 {[%emt 0:05:13]} 1/2-1/2

[Event "SVK ECo-C Extraliga 2018-19"]
[Site "Slovakia"]
[Date "2018.12.09"]
[Round "4"]
[White "Rohacek, Miroslav"]
[Black "Varga, Zoltan"]
[Result "1/2-1/2"]
[WhiteElo "2251"]
[BlackElo "2440"]
[Annotator "TA"]
[PlyCount "99"]
[EventDate "2018.11.10"]
[EventType "team-tourn"]
[EventCountry "SVK"]
[SourceTitle "playchess.com"]
[Source "ChessBase"]
[SourceQuality "1"]
[WhiteTeam "Osuske"]
[BlackTeam "Streda"]

{[%evp 9,99,8,6,0,20,0,0,-15,3,0,0,0,0,-44,-31,-55,-58,-50,-43,-40,-31,-48,-38,-49,-27,-44,-29,-35,-29,-49,-49,-44,-44,-49,-52,-56,0,0,0,-22,-25,-28,-28,-28,-29,-26,-26,-23,0,0,0,-2,-7,-37,-35,-30,0,0,0,0,0,0,0,0,0,0,0,0,0,0,0,0,0,0,0,0,0,0,0,0,0,0,0,0,0,0,0,0,0,0,0,0]} 1. e4 Nf6 2. e5 Nd5 3. Nc3 Nxc3 4. dxc3 d5 5. Bf4 Bf5 {LiveBook: 3 Games} 6. h4 {B02: Alekhine's Defence: Chase Variation and lines with early Nc3} Qd7 7. Nf3 $146 ({Predecessor:} 7. Qd2 c5 8. O-O-O e6 9. Kb1 Nc6 10. Be2 h6 11. g4 Bh7 12. Bd3 Bxd3 13. Qxd3 {½-½ (50) Le Roy,B (2296)-Giffard,N (2379) France 2007}) 7... c5 8. Qd2 e6 9. h5 h6 10. Bd3 Bg4 11. Be2 Be7 12. Nh4 Bxe2 13. Qxe2 Qa4 14. g3 Nc6 15. b3 Qa5 16. Bd2 $1 O-O-O 17. f4 d4 18. c4 Qa3 19. Bc1 Qa6 20. Nf3 Nb4 21. O-O d3 22. cxd3 Nxd3 (22... Rxd3 $15 23. Bb2 Rhd8) 23. Rd1 Nb4 24. Be3 Rxd1+ 25. Rxd1 Qxa2 26. Qxa2 Nxa2 27. Ra1 Nb4 {[#] Strongly threatening ...Nc2.} 28. Rxa7 Kc7 {Hoping for ...Na6.} 29. Ra5 Rd8 30. Bxc5 Nc6 31. Bd6+ (31. Rb5 $5 {[%cal Rc5b6]} Bxc5+ 32. Rxc5 $11) 31... Bxd6 32. exd6+ Rxd6 $15 {[%mdl 4096] Endgame KRN-KRN} 33. Ra8 {The position is equal.} Rd3 34. Kf2 Nd8 35. b4 Rc3 36. b5 f6 37. Nd2 e5 38. f5 e4 {[#] aiming for ...e3+.} 39. Nxe4 Rxc4 40. Ke3 Rb4 41. Nc3 Kd7 42. Kd3 Nf7 43. Rg8 Rg4 44. Ne4 Kc7 45. Ke3 Ne5 46. Rf8 Kb6 47. Rb8 Nc4+ 48. Kf3 $1 {[%cal Rf3g4]} Ne5+ 49. Ke3 Nc4+ 50. Kf3 $1 {Accuracy: White = 60%, Black = 74%.} 1/2-1/2

[Event "SVK ECo-C Extraliga 2018-19"]
[Site "Slovakia"]
[Date "2018.12.09"]
[Round "4"]
[White "Maslikova, Veronika"]
[Black "Pcola, Jaroslav"]
[Result "1-0"]
[WhiteElo "2249"]
[BlackElo "2102"]
[Annotator "NA"]
[PlyCount "85"]
[EventDate "2018.11.10"]
[EventType "team-tourn"]
[EventCountry "SVK"]
[SourceTitle "playchess.com"]
[Source "ChessBase"]
[SourceQuality "1"]
[WhiteTeam "Podhajska"]
[BlackTeam "Snina"]
[TimeControl "40/5400+30:1800+30"]

1. e4 {[%emt 0:00:00]} c5 {[%emt 0:00:00]} 2. Nf3 {[%emt 0:00:00]} Nc6 {[%emt 0:00:30]} 3. d4 {[%emt 0:00:00]} cxd4 {[%emt 0:00:29]} 4. Nxd4 {[%emt 0:00:00]} g6 {[%emt 0:03:49]} 5. Nxc6 {[%emt 0:15:57]} bxc6 {[%emt 0:01:04]} 6. c4 {[%emt 0:10:18]} Bg7 {[%emt 0:03:39]} 7. Nc3 {[%emt 0:06:21]} Rb8 {[%emt 0:07:01]} 8. Qc2 {[%emt 0:04:28]} Nf6 {[%emt 0:03:13]} 9. Be2 {[%emt 0:11:27]} Qc7 {[%emt 0:03:41]} 10. Bf3 {[%emt 0:09:49]} O-O {[%emt 0:02:49]} 11. O-O {[%emt 0:01:35]} a5 {[%emt 0:17:38]} 12. Rd1 Ba6 13. c5 {[%emt 0:13:54]} Rfd8 {[%emt 0:15:04]} 14. g3 {[%emt 0:01:35]} Ne8 {[%emt 0:02:43]} 15. Rb1 {[%emt 0:04:29]} e5 {[%emt 0:06:25]} 16. b3 {[%emt 0:00:33]} Bf8 {[%emt 0:00:38]} 17. Ba3 {[%emt 0:00:41]} Qa7 {[%emt 0:01:24]} 18. Na4 {[%emt 0:03:17]} Nc7 {[%emt 0:07:17]} 19. Bg4 {[%emt 0:00:27]} Nb5 {[%emt 0:00:48]} 20. Bb2 {[%emt 0:00:18]} f6 {[%emt 0:03:27]} 21. Rd2 {[%emt 0:02:28]} d6 {[%emt 0:03:01]} 22. cxd6 {[%emt 0:01:06]} Bxd6 {[%emt 0:01:13]} 23. Qxc6 {[%emt 0:01:17]} Nd4 {[%emt 0:05:27]} 24. Bxd4 {[%emt 0:02:28]} exd4 {[%emt 0:00:03]} 25. Qd5+ {[%emt 0:00:35]} Kg7 {[%emt 0:01:00]} 26. Qxd4 {[%emt 0:00:14]} Qe7 {[%emt 0:01:55]} 27. Qe3 {[%emt 0:03:34]} Bb5 {[%emt 0:01:12]} 28. Rbd1 {[%emt 0:03:14]} Bb4 {[%emt 0:03:27]} 29. Rxd8 {[%emt 0:00:19]} Rxd8 {[%emt 0:00:23]} 30. Rxd8 {[%emt 0:00:04]} Qxd8 {[%emt 0:00:05]} 31. Nc3 {[%emt 0:01:26]} Qd3 {[%emt 0:03:54]} 32. Nxb5 {[%emt 0:01:53]} Qxb5 {[%emt 0:00:02]} 33. a4 {[%emt 0:00:16]} Qe5 {[%emt 0:00:44]} 34. Be2 {[%emt 0:01:23]} Bc5 {[%emt 0:00:37]} 35. Qd3 {[%emt 0:00:38]} Qa1+ {[%emt 0:00:58]} 36. Kg2 {[%emt 0:00:22]} Qe1 {[%emt 0:00:35]} 37. Qf3 {[%emt 0:00:08]} h5 {[%emt 0:01:09]} 38. h3 {[%emt 0:01:09]} Bd4 {[%emt 0:01:01]} 39. g4 {[%emt 0:00:15]} h4 {[%emt 0:00:33]} 40. Bc4 {[%emt 0:00:40]} g5 {[%emt 0:00:24]} 41. e5 {[%emt 0:07:06]} Qxe5 {[%emt 0:02:55]} 42. Qb7+ {[%emt 0:01:51]} Kh6 {[%emt 0:03:03]} 43. Bg8 {[%emt 0:01:13]} 1-0

[Event "SVK ECo-C Extraliga 2018-19"]
[Site "Slovakia"]
[Date "2018.12.09"]
[Round "4"]
[White "Cibickova, Zuzana"]
[Black "Klekowski, Maciej"]
[Result "1/2-1/2"]
[WhiteElo "2243"]
[BlackElo "2499"]
[Annotator "TA"]
[PlyCount "99"]
[EventDate "2018.11.10"]
[EventType "team-tourn"]
[EventCountry "SVK"]
[SourceTitle "playchess.com"]
[Source "ChessBase"]
[SourceQuality "1"]
[WhiteTeam "Komarno"]
[BlackTeam "Prakovce"]

{[%evp 24,99,-4,0,0,-12,-5,-5,-5,-8,-12,-44,0,0,0,-77,-64,-65,-40,-119,-119,-135,-111,-110,-112,-118,-109,-125,-120,-149,-142,-147,-137,-135,-126,-179,-168,-266,-266,-249,-254,-314,-268,-305,-310,-655,-645,-663,-622,-549,0,-660,-654,-1110,-919,-876,0,0,0,0,0,0,0,-10,0,-10,-4,-71,-75,-91,-33,-51,0,0,0,0,0,-1412]} 1. Nf3 c5 2. c4 Nc6 3. Nc3 Nf6 4. g3 d5 5. cxd5 Nxd5 6. Bg2 Nc7 7. O-O e5 8. d3 Be7 9. Be3 Bd7 10. Rc1 Rc8 {A34: Symmetrical English: 2 Nc3, lines with ...d5} 11. a3 O-O 12. Nd2 b6 13. Nc4 {LiveBook: 7 Games} Ne6 (13... f6 14. f4 exf4 15. Bxf4 Ne6 16. Nd6 Rb8 17. Nf5 Nxf4 18. Rxf4 {0-1 (61) Anton,T (2412)-Lupulescu,C (2620) Calimanesti Caciulata 2017}) 14. Bxc6 Bxc6 15. Nxe5 Ba8 16. f4 $146 ({Predecessor:} 16. Qa4 Qc7 17. Qd7 Qxe5 18. Qxe7 {½-½ (48) Haas,G (2290)-Schulz Luxembourg 1993}) 16... Bf6 {[%cal Be7f6,Bf6d4,Bd4e3][%mdl 32]} 17. Nf3 Nd4 $40 {[%mdl 128] White needs to defend precisely.} 18. Bxd4 Bxd4+ 19. Kg2 (19. Nxd4 $11 Qxd4+ 20. Rf2) 19... Be3 $17 20. Rc2 Qd7 21. Qe1 (21. Qb1 $15) 21... c4 22. d4 Qxd4 23. Nd1 Rfe8 24. Nxe3 Rxe3 25. Rd2 Qe4 26. Qd1 Re8 27. Rf2 c3 28. bxc3 Rxc3 29. a4 (29. Rd3 $17 {was worth a try.} Rxd3 30. Qxd3) 29... h6 30. Rd8 (30. Rd4 $142 Qe6 31. Rd7) 30... Rxd8 $19 31. Qxd8+ Kh7 32. Qd7 Rc2 33. Kg1 Bd5 34. Qh3 $2 (34. g4) 34... Rc1+ 35. Kg2 Qb1 {[%csl Gb1][%cal Rc1g1] [#]} 36. Qh5 Qe4 37. Qh3 $1 Re1 38. Qg4 f5 39. Qh5 Rxe2 $2 ({Black should play} 39... g6 $19 40. Qh3 Qe3) 40. Kh3 $1 $11 Rxf2 41. Ng5+ $1 Kg8 42. Nxe4 Bxe4 {[%mdl 4096] Endgame KQ-KRB} 43. Qe8+ Kh7 44. Qf7 a6 45. a5 (45. Qd7 $11) 45... bxa5 $17 {Hoping for ...a4.} 46. g4 Rf3+ ({Better is} 46... Rxf4 $17 47. gxf5 Bxf5+ 48. Kg3 Rg4+ 49. Kf3 Bg6) 47. Kh4 $15 Rxf4 (47... a4 $15 48. gxf5 Rxf4+ 49. Kg3 Rf3+ 50. Kg4 Rxf5) 48. Kh5 $1 $11 {The position is equal.} Rxg4 {[#] ( -> ...Bf3)} (48... Rf2 $5 49. Qg6+ $8 Kg8 50. Qe8+ Kh7 51. Qg6+ Kh8 52. Qe8+ Kh7 53. Qg6+ $11) 49. h4 $1 Bf3 {[%cal Rg4g3]} 50. Qg8+ $1 {[%mdl 32768] Precision: White = 37%, Black = 69%. . An unexpected result.} 1/2-1/2

[Event "SVK ECo-C Extraliga 2018-19"]
[Site "Slovakia"]
[Date "2018.12.09"]
[Round "4"]
[White "Veres, Andrej"]
[Black "Nayhebaver, Martin"]
[Result "1/2-1/2"]
[WhiteElo "2235"]
[BlackElo "2460"]
[Annotator "TA"]
[PlyCount "107"]
[EventDate "2018.11.10"]
[EventType "team-tourn"]
[EventCountry "SVK"]
[SourceTitle "playchess.com"]
[Source "ChessBase"]
[SourceQuality "1"]
[WhiteTeam "Dubnica"]
[BlackTeam "Zilina"]

{[%evp 20,107,12,10,19,10,12,10,9,12,3,6,9,0,15,0,0,0,37,7,35,-2,0,-10,12,0,27,-77,-10,-26,-16,-36,-31,-21,-33,-28,-28,-26,-25,-18,0,-23,0,0,0,-45,-38,-58,-66,-54,-44,-92,-102,-93,-14,-108,0,-11,0,0,0,0,0,0,0,0,0,0,0,0,0,0,0,0,0,0,0,0,0,0,0,0,0,0,0,0,0,0,0,0]} 1. d4 Nf6 2. Nf3 e6 3. c4 b6 4. g3 Ba6 5. Qa4 Bb7 6. Bg2 c5 7. dxc5 bxc5 8. Nc3 Be7 9. O-O O-O 10. Rd1 Qb6 11. Qc2 {LiveBook: 12 Games. E15: Queen's Indian: 4 g3 sidelines, 4 g3 Ba6 and 4 g3 Bb7 early deviations} (11. Bf4 d6 12. Rab1 Nbd7 13. b4 Rfb8 14. a3 h6 15. h3 a6 16. Qa5 Qxa5 17. bxa5 Ne8 18. Ne5 Nxe5 19. Bxb7 Nxc4 20. Bxa8 Rxa8 {0-1 (49) Xu,Y (2545)-Jakovenko,D (2732) China 2018}) 11... Rd8 12. b3 Nc6 13. Bb2 Nb4 14. Qb1 h6 15. e4 d6 16. Ne1 Bc6 17. Nc2 Qb7 $146 ({Predecessor:} 17... Rd7 18. Ne3 Rb8 {0-1 (58) Korsus,B (2229)-Tolstikh,N (2384) Pardubice 2005}) 18. Ne3 a5 19. Re1 Bf8 20. Re2 Rab8 21. h3 Qa8 22. Kh2 Rd7 23. Ncd5 (23. Rd2 $11) 23... Ne8 (23... exd5 $17 24. exd5 Nfxd5 $1 {[%mdl 512]} 25. Nxd5 Nxd5 26. cxd5 Bxd5) 24. Nxb4 (24. f4 {with more complications.} a4 25. Nxb4 Rxb4 26. f5 axb3 27. fxe6 fxe6 28. Nd5) 24... Rxb4 25. Qe1 Rb8 26. Nc2 a4 27. b4 cxb4 28. Nxb4 Bb7 29. a3 Rc7 30. Rc1 Rbc8 31. Rec2 Be7 32. Bh1 Bf6 33. Nd3 Bxb2 34. Nxb2 Nf6 {[%cal Rb7e4]} 35. e5 dxe5 36. Bxb7 Rxb7 (36... Qxb7 $17 37. Qxe5 Qb3) 37. Qxe5 {[#]} (37. c5 $1 $11 {keeps the balance.}) 37... Rb3 (37... Nd7 $1 $17 {[%cal Rd7e5]} 38. Qe2 Nc5) 38. c5 $1 $11 {The position is equal.} Qc6 39. Qf4 Ne4 40. Nc4 {And now Nd6 would win.} Ng5 {Hoping for ...Nf3+.} 41. Ne5 Nf3+ 42. Qxf3 $1 Rxf3 43. Nxc6 Rxc6 {[%mdl 4096] Endgame KRR-KRR} 44. Ra2 Rf5 45. Rc4 Rfxc5 46. Rxa4 Rc2 47. Rxc2 Rxc2 {KR-KR} 48. Kg2 g5 49. Ra7 Kg7 50. a4 {[%cal Ba3a4,Ba4a5,Ba5a6,Ba6a7][%mdl 32]} Kg6 51. a5 Ra2 52. a6 h5 53. Ra8 Kg7 54. a7 {Accuracy: White = 50%, Black = 57%.} 1/2-1/2